000 01217nam a22002177a 4500
008 240517t2024 xxk|||||o||||o00| 0 eng d
245 _aHigh Streets (Designation, Review and Improvement Plan) Bill
_ba research briefing
_h[Electronic resource]
260 _aLondon,
_bHouse of Commons Library,
_c16 April 2024
490 _aResearch Briefing
520 _aA House of Commons Library briefing examines: the aims and progress of the High Streets (Designation, Review and Improvement Plan) Bill 2023-24; issues facing high streets; the Government's high street policy and funding for high streets; and reaction to the Bill ahead of its second reading in the House of Lords, which is scheduled for 17 May 2024.
650 _aHIGH STREETS
650 _aPLANNING
650 _aRETAIL PROPERTY
650 _aHIGH STREETS (DESIGNATION, REVIEW AND IMPROVEMENT PLAN) BILL 2023
650 _aRENTERS (REFORM) BILL 2023-24
690 _aPlanning and development
_96259
700 _aWard, Matthew
710 _91448
_aParliament. House of Commons. Library
856 _uhttps://researchbriefings.files.parliament.uk/documents/CBP-10006/CBP-10006.pdf
_zAvailable online at the House of Commons Library
942 _2ddc
999 _c121932
_d121932